01383nam a2200265Ia 4500001001200000003000800012006001900020007001500039008004100054020001800095040002100113035002100134050002300155245032200178260005800500300001500558504004100573533015200614610006100766650004300827655002900870710007500899710001700974856012600991ebr10267561CaPaEBRm u cr cn|||||||||081106s2008 dcu sb 000 0 eng d z9780309127318 aCaPaEBRcCaPaEBR a(OCoLC)60553267914aTS176b.A87 2008eb03aAn assessment of the National Institute of Standards and Technology, Manufacturing Engineering Laboratoryh[electronic resource] :bfiscal year 2008 /cPanel on Manufacturing Engineering, Laboratory Assessments Board, Division on Engineering and Physical Sciences, National Research Council of the National Academies. aWashington, D.C. :bNational Academies Press,cc2008. avii, 23 p. aIncludes bibliographical references. aElectronic reproduction.bPalo Alto, Calif. :cebrary,d2009.nAvailable via World Wide Web.nAccess may be limited to ebrary affiliated libraries.20aManufacturing Engineering Laboratory (U.S.)xEvaluation. 0aProduction engineeringzUnited States. 7aElectronic books.2local2 aNational Research Council (U.S.).bPanel on Manufacturing Engineering.2 aebrary, Inc.40uhttp://site.ebrary.com/lib/rucke/Doc?id=10267561zAn electronic book accessible through the World Wide Web; click to view